000 00547nam a2200205Ia 4500
003 OSt
005 20260105121632.0
008 008 250505s9999 xx 000 0 eng d
020 _a18-86684-32-8
037 _aTextbook
040 _aFEDL
_beng
_cFEDL
041 _aeng
_2eng
082 _a370.1, DEW
100 _aDewi John
_9776163
245 0 _aShiksha aur loktantra
260 _aNew Delhi, India
_bGranth Shilpi
_c1998
300 _a354p.
942 _cTB
_h370.1, DEW
_2ddc
_n0
999 _c1384966
_d1384966